| 000 | 00934nas a2200289 i 4500 | ||
|---|---|---|---|
| 001 | 1049 | ||
| 003 | ES-MaACL | ||
| 005 | 20250721062533.0 | ||
| 007 | t| | ||
| 008 | 950801c1983 sp | | 1 ||pa d | ||
| 022 | _a0212-4386 | ||
| 080 | _a460 | ||
| 245 | 0 | 0 |
_aEconomistas: _bboletín del colegio de Madrid / _cColegio de Economistas de Madrid. |
| 260 |
_aMadrid : _bColegio de Economistas, _c1983- |
||
| 300 |
_a26 v. ; _c29 cm. |
||
| 310 | _aBimestral | ||
| 362 | 0 | _aN. 1 (abr. 1983)- | |
| 650 | 1 | 7 |
_aEconomía _2embne _912006 |
| 655 | 7 |
_2tgfbne _9226866 _aRevistas |
|
| 710 | 0 | 0 |
_aColegio de Economistas de Madrid. _92904 |
| 852 |
_aES-MaACL _jHem-1756 _zExpurgado marzo 2025; posterior a 1958; en acceso abierto |
||
| 856 |
_uhttps://dialnet.unirioja.es/servlet/revista?codigo=449 _yDialnet |
||
| 866 | 0 | _o(1987f.n.27-29)1988-2011. | |
| 942 |
_2udc _cPERIODICA |
||
| 999 |
_c1049 _d1049 |
||